Arterial Remodelling and Inflammation in Peripheral Arterial Disease /
Saved in:
| 主要作者: | |
|---|---|
| 格式: | Thesis 圖書 |
| 語言: | English |
| 出版: |
2013.
|
| 主題: | |
| 標簽: |
添加標簽
沒有標簽, 成為第一個標記此記錄!
|
| LEADER | 00986cam a2200277 i 4500 | ||
|---|---|---|---|
| 001 | u1003337 | ||
| 003 | SIRSI | ||
| 005 | 201312191247 | ||
| 008 | 140917t2013 my a m 000 0 eng m | ||
| 040 | |a UMP |e rda | ||
| 096 | |a QV4 |b UMP 2013 Rasmz | ||
| 100 | 0 | |a Rasheeda Mohd Zamin, |e author. | |
| 245 | 1 | 0 | |a Arterial Remodelling and Inflammation in Peripheral Arterial Disease / |c Rasheeda Mohd Zamin. |
| 264 | 1 | |c 2013. | |
| 264 | 4 | |c 2014. | |
| 300 | |a xiii, 98 leaves : |b colour illustrations ; |c 30cm. | ||
| 336 | |a text |2 rdacontent | ||
| 337 | |a unmediated |2 rdamedia | ||
| 338 | |a volume |2 rdacarrier | ||
| 502 | |b Ph.D |c The University of Western Australia |d 2013. | ||
| 504 | |a Bibliography: leaves 77-87 | ||
| 650 | 2 | |a Peripheral Arterial Disease | |
| 710 | 2 | 0 | |a University of Western Australia. |b School of Anatomy, Physiology & Biology, |e degree granting institution. |
| 596 | |a 1 2 | ||
| 900 | |a AI | ||
| 999 | |a QV4 UMP 2013 RASMZ |w NLM |c 1 |i A515635600 |l TESIS |m P02MEDKL |r Y |s Y |t TESIS |u 17/9/2014 | ||
